000
00267nam a22001217a 4500
008
170911b xxu||||| |||| 00| 0 eng d
041
_a
eng
080
_a
53
100
_a
43
101
_a
FIZ
245
_a
RADIADTION EFFECTS IN SOLIDS
_c
DIENES,G.J
942
_2
udc
_c
BK
999
_c
27164
_d
27164